| 000 | 00549nam a22001817a 4500 | ||
|---|---|---|---|
| 999 |
_c170999 _d170999 |
||
| 005 | 20200101164220.0 | ||
| 010 | _aB-122921 | ||
| 020 | _c12.00 | ||
| 035 | _aB-122921 | ||
| 037 | _bBPPD/Pub. | ||
| 082 | _aگ | ||
| 245 |
_aدعا کی برکت / _cایڑیٹر - ایم ۔ کے۔ پاشا |
||
| 246 |
_aDua ki Barkat (Urdu) / _bedited by M.K.Pasha |
||
| 260 |
_aDelhi _bEducational Publishing House _c2005 ء |
||
| 270 |
_a3108, Vakil Street, Kuncha Pandit, Lal Kuan _bDelhi _e6 |
||
| 300 |
_a32p. _c22cm(pbk) |
||
| 942 |
_2ddc _cUR _hگ _mپ ا ش |
||